Избранное: роман

書誌詳細
第一著者: Астафьев В. П. Виктор Петрович
言語:ロシア語
出版事項: Москва, Терра, 1999
シリーズ:Литература
主題:
フォーマット: 図書
KOHA link:https://koha.lib.tpu.ru/cgi-bin/koha/opac-detail.pl?biblionumber=29504

MARC

LEADER 00000nam0a2200000 4500
001 29504
005 20231101205919.0
010 |a 5300027049 
035 |a (RuTPU)RU\TPU\book\29769 
035 |a BOOK00000063 
090 |a 29504 
100 |a 20011209d1999 m y0rusy50 ca 
101 0 |a rus 
102 |a RU 
105 |a y z 000ay 
200 1 |a Избранное  |e роман  |f В. П. Астафьев 
210 |a Москва  |c Терра  |d 1999 
215 |a 638 с. 
225 1 |a Литература 
517 1 |a Прокляты и убиты 
610 1 |a романы 
675 |a Р2  |v 3 
700 1 |a Астафьев  |b В. П.  |c русский писатель  |f 1924-2001  |g Виктор Петрович  |2 stltpush  |3 (RuTPU)RU\TPU\pers\8221  |9 1618 
801 0 |a RU  |b 63413507  |c 20011209  |g PSBO 
801 2 |a RU  |b 63413507  |c 20190417  |g PSBO 
942 |c BK